[Event "Reykjavik op"]
[Site "Reykjavik"]
[Date "2023.03.31"]
[Round "4"]
[White "Alfaro Guillen, Jose Raul"]
[Black "Von Kistowski, Fynn"]
[Result "1-0"]
[WhiteElo "1983"]
[BlackElo "1548"]
[PlyCount "85"]
[EventDate "2023.03.29"]
[EventType "swiss"]
[EventRounds "9"]
[EventCountry "ISL"]
[SourceTitle "CBM 213 Extra"]
[Source "ChessBase"]
[SourceDate "2023.05.31"]
[SourceVersion "1"]
[SourceVersionDate "2023.05.31"]
[SourceQuality "1"]

1. e4 c6 2. d3 d5 3. Nd2 e6 4. Ngf3 Ne7 5. g3 g6 6. Bg2 Bg7 7. 0-0 0-0 8. e5 c5 9. Re1 Nec6 10. c3 f6 11. exf6 Bxf6 12. Nf1 Bg7 13. Bg5 Qd6 14. Qd2 Ne7 15. Bf4 Qb6 16. Be5 Nbc6 17. Bxg7 Kxg7 18. h4 Qc7 19. N1h2 Bd7 20. d4 Rf5 21. Bh3 Rf6 22. dxc5 Raf8 23. Bg2 e5 24. Rf1 e4 25. Nd4 Ne5 26. b4 Nd3 27. f4 exf3 28. Qxd3 Qxg3 29. Rxf3 Rxf3 30. Ndxf3 Bh3 31. Qe2 Nf5 32. Qe5+ Qxe5 33. Nxe5 Bxg2 34. Kxg2 Ne3+ 35. Kg1 Rf4 36. Nhf3 Nf5 37. Rd1 Nxh4 38. Nxh4 Rxh4 39. Rxd5 Re4 40. b5 Kf6 41. c6 bxc6 42. bxc6 Rxe5 43. Rxe5 1-0